000 00834nam a2200229 i 4500
001 185235
003 ES-MaACL
005 20250906063143.0
008 160421s2015 sp |||| | spa d
080 _a821.134.2-14"19"
100 1 _aVicea, Ángel Manuel,
_d1964-
_9155048
245 1 0 _aCamino de Tell /
_cÁngel Manuel Vicea ; [prólogo, Francisco J. Castañón].
250 _a1ª ed.
260 _a[Madrid :
_bÁ.M.Vicea],
_c2015.
300 _a110 p. ;
_c21 cm.
700 1 _aCastañón, Francisco J.,
_d1961-
_9153534
852 _aES-MaACL
_jA-150621
_9192255
_bR.150621
_cDEPO1
_dOlim: N-6711
_gDedicatoria autógrafa del autor
_hDonación: Ángel Manuel Vicea
903 _aVicea, Ángel Manuel,
_d1964-
_ednr
_9155048
942 _2udc
_cMONOGRAFIA
999 _c185235
_d185235